Histoire de la conquete du mexique ou de la nouvelle espagne (Record no. 8273)

MARC details
000 -CABECERA
campo de control de longitud fija 01090nam a2200313 a 4500
001 - NÚMERO DE CONTROL
campo de control BRCA_8610
005 - FECHA Y HORA DE LA ÚLTIMA TRANSACCIÓN
campo de control 20190320210338.0
008 - DATOS DE LONGITUD FIJA--INFORMACIÓN GENERAL
campo de control de longitud fija 070916s1759----fr-a######---#000-0#fre-#
041 ## - CÓDIGO DE LENGUA
Código de lengua del texto/banda sonora o título independiente fre
044 ## - CÓDIGO DEL PAÍS DE LA ENTIDAD EDITORA/PRODUCTORA
Código MARC del país fr
050 #4 - SIGNATURA TOPOGRÁFICA DE LA BIBLIOTECA DEL CONGRESO
Número de clasificación F1230
Número de documento/Ítem .C66
-- 1759
100 1# - ENTRADA PRINCIPAL--NOMBRE DE PERSONA
Nombre de persona Cortez, Fernand
9 (RLIN) 21387
245 10 - MENCIÓN DE TÍTULO
Título Histoire de la conquete du mexique ou de la nouvelle espagne
Mención de responsabilidad, etc. Fernand Cortez; tr. Don Antoine de Solis.
260 ## - PUBLICACIÓN, DISTRIBUCIÓN, ETC.
Lugar de publicación, distribución, etc. París
Nombre del editor, distribuidor, etc. Compagnie des libraries
Fecha de publicación, distribución, etc. 1759
300 ## - DESCRIPCIÓN FÍSICA
Extensión xxxi,606 p.
Otras características físicas il.
Dimensiones 17 cm
500 ## - NOTA GENERAL
Nota general Fondo antiguo
500 ## - NOTA GENERAL
Nota general Se encuentra en Caja Fuerte
500 ## - NOTA GENERAL
Nota general C-119
500 ## - NOTA GENERAL
Nota general Falta tomo II
500 ## - NOTA GENERAL
Nota general Contiene prefacio
500 ## - NOTA GENERAL
Nota general Incluye tabla de los capítulos contenidos en este volumen
500 ## - NOTA GENERAL
Nota general Incluye tabla de materias
500 ## - NOTA GENERAL
Nota general Nota de encuadernación: piel con cartón, cantos en rojo
506 0# - NOTA DE RESTRICCIONES AL ACCESO
Limitaciones de acceso Fondo reservado: para su consulta es necesario credencial de usuario y carta de motivos
650 14 - PUNTO DE ACCESO ADICIONAL DE MATERIA--TÉRMINO DE MATERIA
Término de materia o nombre geográfico como elemento de entrada Historia
Término indicativo de función/relación Conquista
Subdivisión cronológica 1519-1540
Subdivisión geográfica México
9 (RLIN) 21523
700 1# - PUNTO DE ACCESO ADICIONAL--NOMBRE DE PERSONA
Nombre de persona Solis, Antoine de
Término indicativo de función/relación tr.
9 (RLIN) 21524
902 ## - CATALOGADOR
Iniciales LAR
942 ## - ELEMENTOS DE PUNTO DE ACCESO ADICIONAL (KOHA)
Fuente del sistema de clasificación o colocación Library of Congress Classification
Tipo de ítem Koha Libros
Holdings
Estado de retiro Estado de pérdida Estado dañado No para préstamo Localización permanente Ubicación/localización actual Fecha de adquisición Número de inventario Total de préstamos Signatura topográfica completa Código de barras Fecha visto por última vez Precio válido a partir de Tipo de ítem Koha
El ejemplar forma parte de la colección y puede ser consultado según las políticas vigentes.       Biblioteca del Museo Franz Mayer (Rogerio Casas-Alatriste) Biblioteca del Museo Franz Mayer (Rogerio Casas-Alatriste) 07/09/2016 C-119   F1230 .C66 1759 (C-119) LAR00121 22/03/2019 22/03/2019 Libros